| 000 | 00991nam a22002657a 4500 | ||
|---|---|---|---|
| 001 | BD-DhSAU | ||
| 003 | BD-DhSAU | ||
| 005 | 20250218104704.0 | ||
| 008 | 150420b2005 bg ||||| m||| 00| 0 eng d | ||
| 040 | _aBD-DhSAU | ||
| 082 |
_222 _a630 _bAp12 |
||
| 100 |
_aBISWAS, APARNA _eRegistration No. # 21010035 |
||
| 245 |
_aInfluence of salicylic acid on growth, yield and inducing seed dormancy of boro rice / _bMS thesis |
||
| 260 |
_aSher-e-Bangla Agricultural University: _bDepartment of Agronomy, _c2023. |
||
| 300 |
_axiii, 68p. ; _c30 cm. |
||
| 500 | _aMS thesis of Department of Agronomy , Faculty of Agriculture , Sher-e-Bangla Agricultural University, Dhaka, Bangladesh | ||
| 504 | _aIncludes bibliographical reference. | ||
| 590 | _aNazmul | ||
| 650 | _asalicylic acid | ||
| 651 | _aseed dormancy of boro rice | ||
| 700 |
_aProf.Dr. Md. Abdullahil Baque _eSuperviser |
||
| 700 |
_aProf. Dr. Parimal kanti Biswas _eCo-superviser |
||
| 942 |
_2ddc _cTHESIS |
||
| 999 |
_c17844 _d17843 |
||